000 00658nam a2200241Ia 4500
003 OSt
005 20220918181323.0
006 a|||||r|||| 00| 0
007 ta
008 220917b |||||||| |||| 00| 0 eng d
024 _a26,689
037 _cTextual
040 _aARTS
_cARTS
_beng
041 _2eng
_aeng
082 _aO111,1L92:g(Q:1), J9 (EO)
100 _aBloom Harold
_928152
245 0 _aShelley's myth making
260 _aNew York
_bCornell Univ Press USA
_c1969
300 _aviii,278p.
_ccm.
650 _aSHELLEY
942 _hO111,1L92:g(Q:1), J9 (EO)
_cTEXL
_2CC
999 _c165223
_d165223